000 00311nam a2200121Ia 4500
008 220204s9999 xx 000 0 und d
082 _a678.541.6
_bHIG.24
245 0 _aVinyl and diene monomers
260 _aNew York
_bJohn Wiley
_c1971
650 _apolymer science
700 _aLeonard, Edward C
942 _cBK
999 _c24652
_d24652